Historia de la matemática en España / (Record no. 145724)

MARC details
000 -LEADER
campo de control de longitud fija 00958nam a2200217 i 4500
001 - NÚMERO DE CONTROL
campo de control 145724
003 - IDENTIFICADOR DE NÚMERO DE CONTROL
campo de control ES-MaACL
005 - FECHA Y HORA DE LA ÚLTIMA TRANSACCIÓN
campo de control 20231206063246.0
007 - CAMPO FIJO DE DESCRIPCIÓN FÍSICA--INFORMACIÓN GENERAL
campo de control de longitud fija t|
008 - DATOS DE LONGITUD FIJA--INFORMACIÓN GENERAL
campo de control de longitud fija 071016m19291933sp ||||1| spa d
100 1# - ENTRADA PRINCIPAL--NOMBRE DE PERSONA
Nombre de persona Vera, Francisco,
Fechas asociadas al nombre 1888-1967
9 (RLIN) 113943
245 10 - MENCIÓN DEL TÍTULO
Título Historia de la matemática en España /
Mención de responsabilidad, etc. por Francisco Vera.
260 ## - PUBLICACIÓN, DISTRIBUCIÓN, ETC.
Lugar de publicación, distribución, etc. Madrid :
Nombre del editor, distribuidor, etc. Victoriano Suárez,
Fecha de publicación, distribución, etc. 1929-1933 (
Fabricante Imp. Ramona Velasco Góngora)
300 ## - DESCRIPCIÓN FÍSICA
Extensión 4 v. ;
Dimensiones 16 cm.
490 1# - MENCIÓN DE SERIE
Mención de serie Biblioteca española de divulgación científica
505 8# - NOTA DE CONTENIDO CON FORMATO
Nota de contenido con formato Contiene: 1. Tiempos primitivos (hasta el siglo XIII) 2. Los precursores dle Renacimiento (siglos XIII, XIV y XV) 3. Árabes y judíos. Primera parte (siglos VIII-XI) 4. Árabes y judíos. Segunda parte (siglos XII-XVI)
650 14 - PUNTO DE ACCESO ADICIONAL DE MATERIA--TÉRMINO DE MATERIA
Término de materia o nombre geográfico como elemento de entrada Matemáticas-
Subdivisión geográfica España-
Subdivisión de forma Historia.
9 (RLIN) 14823
830 0# - PUNTO DE ACCESO ADICIONAL DE SERIE-TÍTULO UNIFORME
Título uniforme Biblioteca española de divulgación científica
9 (RLIN) 182306
852 ## - LOCALIZACIÓN
Ubicación ES-MaACL
Número de control de estantería B-13277-80
Holdings
Estatus retirado Estado de pérdida Estado de daño No para préstamo Biblioteca de origen Biblioteca actual Ubicación en estantería Fecha de adquisición Fuente de adquisición Total de préstamos Signatura topográfica completa Código de barras Visto por última vez Precio de reemplazo Tipo de ítem Koha
        Biblioteca del Ateneo de Madrid Biblioteca del Ateneo de Madrid Sala Pardo Bazán 17/01/2008     B-13277-80 1152113 23/02/2023 23/02/2023 Libro impreso